Department for Constitutional Affairs (Record no. 120463)
[ view plain ]
| 000 -LEADER | |
|---|---|
| fixed length control field | 00880cam a2200169 4500 |
| 001 - CONTROL NUMBER | |
| control field | L130527 |
| 008 - FIXED-LENGTH DATA ELEMENTS--GENERAL INFORMATION | |
| fixed length control field | 050809n 000 0 eng u |
| 035 ## - SYSTEM CONTROL NUMBER | |
| System control number | (Sirsi) u130527 |
| 041 ## - LANGUAGE CODE | |
| Language code of text/sound track or separate title | eng |
| 110 ## - MAIN ENTRY--CORPORATE NAME | |
| Corporate name or jurisdiction name as entry element | Department for Constitutional Affairs |
| 9 (RLIN) | 4754 |
| 245 ## - TITLE STATEMENT | |
| Title | Department for Constitutional Affairs |
| Remainder of title | statistical information |
| 520 ## - SUMMARY, ETC. | |
| Summary, etc. | Web pages providing quarterly statistics on mortgage possessions and company winding up and bankruptcy petition statistics. The mortage possession statistics record county court actions and orders in England and Walesm, covering both local authority and bank or building society mortgages. |
| 690 ## - LOCAL SUBJECT ADDED ENTRY--TOPICAL TERM (OCLC, RLIN) | |
| Topical term or geographic name as entry element | MANAGEMENT-CORPORATE RECOVERY |
| 690 ## - LOCAL SUBJECT ADDED ENTRY--TOPICAL TERM (OCLC, RLIN) | |
| Topical term or geographic name as entry element | PROPERTY-RESIDENTIAL PROPERTY-RESIDENTIAL PROPERTY DEVELOPMENT |
| 856 40 - ELECTRONIC LOCATION AND ACCESS | |
| Uniform Resource Identifier | <a href="https://www.dca.gov.uk/statistics/cjust.htm">https://www.dca.gov.uk/statistics/cjust.htm</a> |
| Public note | View the website free of charge at www.dca.gov.uk... |
| 942 ## - ADDED ENTRY ELEMENTS (KOHA) | |
| Suppress in OPAC | 0 |
| Withdrawn status | Lost status | Source of classification or shelving scheme | Damaged status | Not for loan | Home library | Current library | Shelving location | Date acquired | Total Checkouts | Full call number | Barcode | Date last seen | Copy number | Price effective from | Koha item type |
|---|---|---|---|---|---|---|---|---|---|---|---|---|---|---|---|
| Dewey Decimal Classification | Virtual | Virtual | Online | 09/08/2005 | WEBSITE | 130527-1001 | 06/08/2019 | 1 | 06/08/2019 | Online material |